01664nam a22001577a 4500008004100000020001800041050001500059100002200074245005300096250001200149260004700161300003000208500003700238505121300275700001801488140625b xxu||||| |||| 00| 0 eng d a9780471170822 aQA278.2.D7 aDraper, Norman R. aApplied regression analysis. /cNorman R. Draper a3rd ed. aNew York:bJohn Wiley and sons INC,c1998. axvii,706p.:bill.;c24cm. aIncludes index and bibliography. aContents: About the software -- Basic prerequisite knowledge -- Fitting a straight line by least squares -- Checking the straight line fit -- Fitting straight lines: Special topics -- Regression in matrix terms: Straight line case -- The general regression situation -- Extra sums of squares and tests for several parameters being zero -- Serial correlation in the residuals and the durbin-watson test -- More on checking fitted models -- Multiple regression: Special topics -- Bias in regression estimates, and expected values of mean squares and sums of squares -- On worthwhile regressions, big F's and R2 -- Models containing functions of the predictors including polynomial models -- Transformation of the response variable -- Dummy variables -- Selecting the best regression equation -- III-Conditioning in regression data -- Ridge regression -- Generalized linear models (GLIM) -- Mixture ingredients as predator variables -- The geometry of least sqaures -- More geometry of least squares -- Orthogonal polynomials and summary data -- Mutiple regression applied to analysis of variance problems -- An introduction to nonlinear estimation -- Robust regression -- Resampling procedures (bootstrapping). aSmith, Harry.